General quiz about Eritrea - Statistics

General Stats
  • This quiz has been taken 130 times
  • The average score is 2 of 5
Answer Stats
Hint Answer % Correct
What is the capital of Eritrea named? Asmara
96%
What is their official language? Tigrinya
67%
What is their currency? Nakfa
62%
Who is president of Eritrea? Isaias Afewerki
11%
What is the name of the highest mountain in Eritrea? Dega
3%
No matching quizzes found
Score Distribution
Percent of People with Each Score
Percentile by Number Answered
Your Score History
You have not taken this quiz